000
00289nam a2200109Ia 4500
008
230907s9999||||xx |||||||||||||| ||und||
082
_a
621.38224
_b
PAU
245
0
_a
Introduction to electromagnetic compatibility /
260
_a
Wiley,
_b
New Delhi :
_c
2017
300
_a
983 p.
942
_c
BK
999
_c
601435
_d
601435